Never trust a cowboy (Record no. 76465)

MARC details
000 -LEADER
fixed length control field 00814cab a2200181 4500
001 - CONTROL NUMBER
control field ##L132473
008 - FIXED-LENGTH DATA ELEMENTS--GENERAL INFORMATION
fixed length control field 060213n2006 000 0 eng u
035 ## - SYSTEM CONTROL NUMBER
System control number (Sirsi) u132473
041 0# - LANGUAGE CODE
Language code of text/sound track or separate title eng
100 1# - MAIN ENTRY--PERSONAL NAME
Personal name Hankinson, Andrew
245 00 - TITLE STATEMENT
Title Never trust a cowboy
260 ## - PUBLICATION, DISTRIBUTION, ETC.
Date of publication, distribution, etc. 2006
490 #0 - SERIES STATEMENT
Series statement Construction News
Volume/sequential designation (6953) 9 February 2006, 12-13(2)
520 ## - SUMMARY, ETC.
Summary, etc. Reports on the TrustMark scheme, a new standard for domestic building work, which it is hoped will finally force cowboy builders out of existence. Already 5,000 members from 10 trade associations have signed up to the scheme. It replaces Quality Mark, which failed to attract industry support, primarily because of the expense involved in joining.
590 ## - LOCAL NOTE (RLIN)
Local note IKA140206
690 ## - LOCAL SUBJECT ADDED ENTRY--TOPICAL TERM (OCLC, RLIN)
Topical term or geographic name as entry element MANAGEMENT-QUALITY MANAGEMENT-QUALITY ASSURANCE
942 ## - ADDED ENTRY ELEMENTS (KOHA)
Suppress in OPAC 0
Holdings
Withdrawn status Lost status Source of classification or shelving scheme Damaged status Not for loan Home library Current library Shelving location Date acquired Total Checkouts Full call number Barcode Date last seen Copy number Price effective from Koha item type
    Dewey Decimal Classification     London London Journal article 13/02/2006   L132473 132473-1001 06/08/2019 1 06/08/2019 Journal article